| 000 | 00489nam a22001697a 4500 | ||
|---|---|---|---|
| 003 | CEME | ||
| 005 | 20210628204040.0 | ||
| 008 | 210106b xxu||||| |||| 00| 0 eng d | ||
| 020 | _a9781441999467 | ||
| 040 | _cceme | ||
| 082 | _a620.5 CLE | ||
| 100 |
_aClevy, Cedric, Rakotondrabe, Micky, Chaillet, Nicolas _968438 |
||
| 245 | _aSignal measurement and estimation techniques for micro and nanotechnology | ||
| 260 |
_aNEW YORK _bSPRINGER _c2011 |
||
| 300 | _aX, 242P | ||
| 942 |
_cBK _2ddc |
||
| 999 |
_c576017 _d576017 |
||